| 000 | 00717nam a2200205Ia 4500 | ||
|---|---|---|---|
| 003 | GCL | ||
| 008 | 140319s9999 xx 000 0 ara d | ||
| 040 |
_aGCL / _cGCL |
||
| 082 | 0 | 4 |
_a320.54 _bا ق |
| 100 | 1 | _aابراهيم جمعة | |
| 245 | 1 | 0 |
_aالقومية العربية 00 اصولها ومقوماتها وأثرها فى تحرير العرب وبيان كيانهم الحديث / _cابراهيم جمعة |
| 260 |
_a[S.N] : _bدار الفكر العربى ، _c1960 |
||
| 300 | _a294 ص | ||
| 490 | _a | ||
| 650 | 0 | 4 | _aالعالم العربى |
| 650 | 0 | 4 | _aالاحوال السياسية |
| 650 | 0 | 4 | _aحركات التحرير |
| 650 | 0 | 4 | _aالقومية العربية |
| 942 |
_2ddc _cBK |
||
| 999 |
_c29667 _d29667 |
||